PLEADINGS AND PRACTICE (Record no. 216445)

MARC details
000 -LEADER
fixed length control field 00545nam a22001697a 4500
008 - FIXED-LENGTH DATA ELEMENTS--GENERAL INFORMATION
fixed length control field 260112b |||||||| |||| 00| 0 eng d
020 ## - INTERNATIONAL STANDARD BOOK NUMBER
International Standard Book Number 978-93-5035-295-3
100 ## - MAIN ENTRY--PERSONAL NAME
Personal name BINDRA, N. S.
245 ## - TITLE STATEMENT
Title PLEADINGS AND PRACTICE
Remainder of title WITH MORE THAN 1150 MODEL FORMS OF PLAINTS, DEFENCES, PETITIONS, WRITS, APPEALS AND MUCH MORE
250 ## - EDITION STATEMENT
Edition statement 10TH ED
260 ## - PUBLICATION, DISTRIBUTION, ETC.
Place of publication, distribution, etc. NEW DELHI
Name of publisher, distributor, etc. UNIVERSAL LAW PUBLISHING
Date of publication, distribution, etc. 2013
300 ## - PHYSICAL DESCRIPTION
Extent XXVIII, 1081P.
500 ## - GENERAL NOTE
General note INCLUDES SUBJECT INDEX
650 ## - SUBJECT ADDED ENTRY
Topical term or geographic name entry element PLEADING -INDIA
942 ## - ADDED ENTRY ELEMENTS (KOHA)
Source of classification or shelving scheme Library of Congress Classification
Koha item type Long Loan Book
Holdings
Withdrawn status Lost status Source of classification or shelving scheme Damaged status Not for loan Collection Home library Current library Shelving location Date acquired Inventory number Total checkouts Full call number Barcode Date last seen Copy number Price effective from Koha item type
    Library of Congress Classification     Law Kisii University Library Kisii University Library On Display 01/12/2026 110387   KNS 3587.5 .B56 2013 V.2 000000024276 01/12/2026 C.1 01/12/2026 Long Loan Book